LEADER 00876nam a2200217 i 4500 001 000000180626 003 CaOOAMICUS 005 20240408125600.0 008 090716s1943 it u000 u ita u 013 $a158306 040 $aSeMil$bita 245 10$aVolume 2. 300 $a545 p. 490 0 $aIl fiore dei Santi Padri, dottori e scrittori ecclesiastici ;$v17. 650 4$aAscetica - Testi.$0(OLS)http://semarc/subject/1695 773 0 $aScaramelli, Giovanni Battista $tDirettorio ascetico.$dAlba : Istituto Missionario Pia Società San Paolo, 1942-1943.$w()21720 830 3$aIl fiore dei Santi Padri, dottori e scrittori ecclesiastici ;$v17.$0(OLS)http://semarc/title/197 850 $aSeMil 852 $aSeMil$W1$xVenegono$y1$m2S I 196/2$j131374$B131374$CSeMilBibl$Z2$F143215 $81 996 $6245$aVolume 2$9(OLS)http://semarc/title/11564 LEADER 01062nam a2200205 i 4500 001 000000188115 003 CaOOAMICUS 005 20100401000000.0 008 100401s1975 it u000 u ita u 013 $a166270 040 $aSeMil$bita 240 13$aIl Vescovo come servitore della fede : fondamenti teologici del problema ; Magistero e teologia ; La missione del Vescovo come diaconia della fede : orientamenti di vita pastorale.$0(OLS)http://semarc/title/270655 245 13$aLa missione del Vescovo al servizio della fede :$bTerzo simposio dei Vescovi Europei, 14-18 ottobre 1975. 260 $aLeumann :$bElle Di Ci,$c1975. 300 $a79 p. ;$c19 cm. 650 4$aCile - Chiesa.$0(OLS)http://semarc/subject/16453 850 $aSeMil 852 $aSeMil$W1$xVenegono$y1$m1352 48 98 *$j138789$B138789$CSeMilBibl$Z2$F150325 $81 996 $6245$aLa missione del Vescovo al servizio della fede :$bTerzo simposio dei Vescovi Europei, 14-18 ottobre 1975$9(OLS)http://semarc/title/270654 996 $6260$aLeumann :$bElle Di Ci$9(OLS)http://semarc/publisher/29808